| 000 | 01573cam a2200157 4500500 | ||
|---|---|---|---|
| 005 | 20260111225456.0 | ||
| 041 | _afre | ||
| 042 | _adc | ||
| 100 | 1 | 0 |
_aLoizillon, Victor _eauthor |
| 245 | 0 | 0 | _aLe Débarquement : du mythe à l’histoire ? Peter Caddick-Adams, De sable et d’acier, Nouvelle histoire du Débarquement, traduit de l’anglais (États-Unis) par Antoine Bourquilleau, Passés / Composés – Ministère des Armées, 2024, 876 pages, 32 €. Olivier Wieviorka et Cyriac Allard, Le Débarquement : son histoire par l’infographie, Seuil, 2024, 224 pages, 31 €. Emmanuel Thiébot, Débarquement – Libération, Cinquante arrêts sur image, des préparations aux commémorations, Armand Colin, 2024, 240 pages, 24,90 €. |
| 260 | _c2024. | ||
| 500 | _a85 | ||
| 520 | _aÉric Rohmer était royaliste et catholique. Par quel miracle ce cinéaste dont les convictions étaient aux antipodes de l’idéologie dominante dans les années 1950-1960 a-t-il pu devenir une figure majeure de la Nouvelle Vague et bénéficier, pendant plus de quatre décennies, du soutien inconditionnel d’une critique majoritairement de gauche et athée ? Cet article reconsidère l’œuvre de Rohmer à travers le prisme des convictions catholiques du cinéaste, que ce dernier a dû dissimuler durant la première partie de sa carrière avant de pouvoir les exprimer plus librement. | ||
| 786 | 0 | _nÉtudes | Jui | 6 | 2024-05-24 | p. 115-116 | 0014-1941 | |
| 856 | 4 | 1 | _uhttps://shs.cairn.info/revue-etudes-2024-6-page-115?lang=fr&redirect-ssocas=7080 |
| 999 |
_c1638466 _d1638466 |
||